All of the Anseriformes - Statistics

General Stats
  • This quiz has been taken 13 times
  • The average score is 153 of 171
Answer Stats
Hint Answer % Correct
Anatidae Anas sparsa African Black Duck
100%
Anatidae Nettapus auritus African Pygmy-goose
100%
Anatidae Anas rubripes American Black Duck
100%
Anatidae Mareca americana American Wigeon
100%
Anatidae Anas albogularis Andaman Teal
100%
Anatidae Oressochen melanopterus Andean Goose
100%
Anatidae Anas andium Andean Teal
100%
Anatidae Chloephaga poliocephala Ashy-headed Goose
100%
Anatidae Anas aucklandica Auckland Islands Teal
100%
Anatidae Spatula rhynchotis Australasian Shoveler
100%
Anatidae Tadorna tadornoides Australian Shelduck
100%
Anatidae Aythya baeri Baer's Pochard
100%
Anatidae Sibirionetta formosa Baikal Teal
100%
Anatidae Anser indicus Bar-headed Goose
100%
Anatidae Branta leucopsis Barnacle Goose
100%
Anatidae Bucephala islandica Barrow's Goldeneye
100%
Anatidae Anas bernieri Bernier's Teal
100%
Anatidae Dendrocygna autumnalis Black-bellied Whistling-duck
100%
Anatidae Heteronetta atricapilla Black-headed Duck
100%
Anatidae Cygnus melancoryphus Black-necked Swan
100%
Anatidae Melanitta americana Black Scoter
100%
Anatidae Cygnus atratus Black Swan
100%
Anatidae Spatula hottentota Blue-billed Teal
100%
Anatidae Hymenolaimus malacorhynchos Blue Duck
100%
Anatidae Cyanochen cyanoptera Blue-winged Goose
100%
Anatidae Spatula discors Blue-winged Teal
100%
Anatidae Branta bernicula Brant
100%
Anatidae Mergus octosetaceus Brazilian Merganser
100%
Anatidae Amazonetta brasiliensis Brazilian Teal
100%
Anatidae Anas chlorotis Brown Teal
100%
Anatidae Bucephala albeola Bufflehead
100%
Anatidae Branta hutchinsii Cackling Goose
100%
Anatidae Anas nesiotis Campbell Islands Teal
100%
Anatidae Branta canadensis Canada Goose
100%
Anatidae Aythya valisineria Canvasback
100%
Anatidae Cereopsis novaehollandiae Cape Barren Goose
100%
Anatidae Anas capensis Cape Teal
100%
Anatidae Anas castanea Chestnut Teal
100%
Anatidae Mareca sibilatrix Chiloe Wigeon
100%
Anatidae Spatula cyanoptera Cinnamon Teal
100%
Anatidae Sarkidiornis sylvicola Comb Duck
100%
Anatidae Somateria mollissima Common Eider
100%
Anatidae Bucephala clangula Common Goldeneye
100%
Anatidae Mergus merganser Common Merganser
100%
Anatidae Aythya ferina Common Pochard
100%
Anatidae Melanitta nigra Common Scoter
100%
Anatidae Tadorna tadorna Common Shelduck
100%
Anatidae Coscoroba coscoroba Coscoroba Swan
100%
Anatidae Nettapus coromandelianus Cotton Pygmy-goose
100%
Anatidae Tadorna cristata Crested Shelduck
100%
Anatidae Branta ruficollis Red-breasted Goose
100%
Anatidae Alopochen aegyptiaca Egyptian Goose
100%
Anatidae Anser canagicus Emperor Goose
100%
Anatidae Mareca penelope Eurasian Wigeon
100%
Anatidae Mareca falcata Falcated Duck
100%
Anatidae Tachyeres brachypterus Falkland Steamer-duck
100%
Anatidae Aythya nyroca Ferruginous Duck
100%
Anatidae Tachyeres pteneres Flightless Steamer-duck
100%
Anatidae Tachyeres patachonicus Flying Steamer-duck
100%
Anatidae Stictonetta naevosa Freckled Duck
100%
Anatidae Dendrocygna bicolor Fulvous Whistling-duck
100%
Anatidae Mareca strepera Gadwall
100%
Anatidae Spatula querquedula Garganey
100%
Anatidae Anser anser Graylag Goose
100%
Anatidae Aythya marila Greater Scaup
100%
Anatidae Anser albifrons Greater White-fronted Goose
100%
Anatidae Nettapus pulchellus Green Pygmy-goose
100%
Anatidae Anas crecca Green-winged Teal
100%
Anatidae Aythya australis Hardhead
100%
Anatidae Histrionicus histrionicus Harlequin Duck
100%
Anatidae Pteronetta hartlaubii Hartlaub's Duck
100%
Anatidae Anas wyvilliana Hawaiian Duck
100%
Anatidae Branta sandvicensis Hawaiian Goose
100%
Anatidae Lophodytes cucullatus Hooded Merganser
100%
Anhimidae Anhima cornuta Horned Screamer
100%
Anatidae Chloephaga hybrida Kelp Goose
100%
Anatidae Somateria spectabilis King Eider
100%
Anatidae Oxyura vittata Lake Duck
100%
Anatidae Anas laysanensis Laysan Duck
100%
Anatidae Aythya affinis Lesser Scaup
100%
Anatidae Anser erythropus Lesser White-fronted Goose
100%
Anatidae Clangula hyemalis Long-tailed Duck
100%
Anatidae Oxyura maccoa Maccoa Duck
100%
Anatidae Aythya innotata Madagascar Pochard
100%
Anseranatidae Anseranas semipalmata Magpie Goose
100%
Anatidae Anas platyrhynchos Mallard
100%
Anatidae Aix galericulata Mandarin Duck
100%
Anatidae Chenonetta jubata Maned Duck
100%
Anatidae Marmaronetta angustirostris Marbled Duck
100%
Anatidae Nomonyx dominicus Masked Duck
100%
Anatidae Anas melleri Meller's Duck
100%
Anatidae Anas diazi Mexican Duck
100%
Anatidae Anas fulvigula Mottled Duck
100%
Anatidae Cairina moschata Muscovy Duck
100%
Anatidae Biziura lobata Musk Duck
100%
Anatidae Cygnus olor Mute Swan
100%
Anatidae Aythya novaeseelandiae New Zealand Scaup
100%
Anatidae Anas acuta Northern Pintail
100%
Anhimidae Chauna chavaria Northern Screamer
100%
Anatidae Spatula clypeata Northern Shoveler
100%
Anatidae Anas superciliosa Pacific Black Duck
100%
Anatidae Tadorna variegata Paradise Shelduck
100%
Anatidae Anas luzonica Philippine Duck
100%
Anatidae Malacorhynchus membranaceus Pink-eared Duck
100%
Anatidae Anser brachyrhynchus Pink-footed Goose
100%
Anatidae Rhodonessa caryophyllacea Pink-headed Duck
100%
Anatidae Dendrocygna eytoni Plumed Whistling-duck
100%
Anatidae Spatula puna Puna Teal
100%
Anatidae Radjah radjah Radjah Shelduck
100%
Anatidae Mergus serrator Red-breasted Merganser
100%
Anatidae Netta rufina Red-crested Pochard
100%
Anatidae Aythya americana Redhead
100%
Anatidae Aythya collaris Ring-necked Duck
100%
Anatidae Anser rossii Ross's Goose
100%
Anatidae Oxyura jamaicensis Ruddy Duck
100%
Anatidae Chloephaga rubidiceps Ruddy-headed Goose
100%
Anatidae Tadorna ferruginea Ruddy Shelduck
100%
Anatidae Salvadorina waigiuensis Salvadori's Teal
100%
Anatidae Mergus squamatus Scaly-sided Merganser
100%
Anatidae Spatula versicolor Silver Teal
100%
Anatidae Mergellus albellus Smew
100%
Anatidae Anser caerulescens Snow Goose
100%
Anatidae Tadorna cana South African Shelduck
100%
Anhimidae Chauna torquata Southern Screamer
100%
Anatidae Plectropterus gambensis Spur-winged Goose
100%
Anatidae Melanitta stejnegeri Stejneger's Scoter
100%
Anatidae Polysticta stelleri Steller's Eider
100%
Anatidae Melanitta perspicillata Surf Scoter
100%
Anatidae Anser cygnoides Swan Goose
100%
Anatidae Anser fabalis Taiga Bean-goose
100%
Anatidae Merganetta armata Torrent Duck
100%
Anatidae Cygnus buccinator Trumpeter Swan
100%
Anatidae Aythya fuligula Tufted Duck
100%
Anatidae Anser serrirostris Tundra Bean-goose
100%
Anatidae Cygnus columbianus Tundra Swan
100%
Anatidae Chloephaga picta Upland Goose
100%
Anatidae Melanitta fusca Velvet Scoter
100%
Anatidae Dendrocygna arborea West Indian Whistling-duck
100%
Anatidae Anas bahamensis White-cheeked Pintail
100%
Anatidae Tachyeres leucocephalus White-headed Steamer-duck
100%
Anatidae Melanitta deglandi White-winged Scoter
100%
Anatidae Cygnus cygnus Whooper Swan
100%
Anatidae Aix sponsa Wood Duck
100%
Anatidae Anas georgica Yellow-billed Pintail
100%
Anatidae Anas flavirostris Yellow-billed Teal
100%
Anatidae Oxyura australis Blue-billed Duck
50%
Anatidae Spatula smithii Cape Shoveler
50%
Anatidae Lophonetta specularioides Crested Duck
50%
Anatidae Anas gracilis Gray Teal
50%
Anatidae Sarkidiornis melanotos Knob-billed Duck
50%
Anatidae Oressochen jubatus Orinoco Goose
50%
Anatidae Anas erythrorhyncha Red-billed Duck
50%
Anatidae Speculanas specularis Spectacled Duck
50%
Anatidae Somateria fischeri Spectacled Eider
50%
Anatidae Anas gibberifrons Sunda Teal
50%
Anatidae Dendrocygna arcuata Wandering Whistling-duck
50%
Anatidae Thalassornis leuconotus White-backed Duck
50%
Anatidae Dendrocygna viduata White-faced Whistling-duck
50%
Anatidae Oxyura leucocephala White-headed Duck
50%
Anatidae Asarcornis scutulata White-winged Duck
50%
Anatidae Anas undulata Yellow-billed Duck
50%
Anatidae Oxyura ferruginea Andean Duck
0%
Anatidae Anas zonorhyncha Eastern Spot-billed Duck
0%
Anatidae Anas eatoni Eaton's Pintail
0%
Anatidae Anas poecilorhyncha Indian Spot-billed Duck
0%
Anatidae Dendrocygna javanica Lesser Whistling-duck
0%
Anatidae Spatula platalea Red Shoveler
0%
Anatidae Callonetta leucophrys Ringed Teal
0%
Anatidae Netta peposaca Rosy-billed Pochard
0%
Anatidae Netta erythrophthalma Southern Pochard
0%
Anatidae Dendrocygna guttata Spotted Whistling-duck
0%
No matching quizzes found
Score Distribution
Percent of People with Each Score
Percentile by Number Answered
Your Score History
You have not taken this quiz